000 00691nam a2200229 a 4500
001 844
003 BR-CuiBMT
005 20231121044523.0
008 231121s2001 goba 000 0bpor d
040 _aBR-CuiBMT
_cBR-CuiBMT
080 _22007
_a340.12-051
_x(091)
090 _a340.12-051(091)
_bB238r
100 1 _aBarbosa, Eurico
245 1 0 _aRui Barbosa e o ideal do Tribunal de Contas /
_cEurico Barbosa.
260 _aGoiânia :
_bKelps,
_c2001.
300 _a153 p. :
_bil., color. ;
_c20 cm
504 _aInclui bibliografia.
650 _aBarbosa, Ruy, 1849-1923
_xBiografia
650 _aJuristas
_xBiografia
650 _aTribunal de contas
_vHistória
_zBrasil
942 _2udc
_cLV
999 _c844
_d844